Statistiken für Fünf am Häufigsten Geschätzten Länder nach Kontinent

Klicken Sie hier um das Quiz zu spielen!

Allgemein

  • Dieses Quiz wurde 128 mal gespielt
  • Das Durchschnittsergebnis liegt bei 25 aus 30

Antwortstatistiken

KontinentLand% Korrekt
AsiaChina
99%
EuropeSpanien
97%
OceaniaAustralien
96%
EuropeFrankreich
96%
AsiaJapan
96%
North AmericaKanada
95%
North AmericaMexiko
95%
AfricaÄgypten
94%
EuropeItalien
94%
North AmericaVereinigte Staaten
94%
South AmericaBrasilien
93%
AfricaSüdafrika
93%
OceaniaNeuseeland
92%
EuropeRussland
92%
South AmericaArgentinien
90%
AsiaIndien
88%
EuropeVereinigtes Königreich
88%
South AmericaChile
87%
AfricaMarokko
84%
South AmericaPeru
84%
South AmericaKolumbien
82%
OceaniaFidschi
75%
North AmericaKuba
73%
AfricaNiger
68%
North AmericaPanama
64%
AsiaTürkei
62%
AsiaIran
59%
OceaniaPapua-Neuguinea
56%
OceaniaFöderierte Staaten von Mikronesien
39%
AfricaMadagaskar
29%

Verteilung der Resultate

Perzentil nach korrekt beantworteten Fragen

Anzahl Personen mit jedem Resultat

Ihre Resultats-Entwicklung

Sie haben dieses Quiz noch nicht gespielt